[Event "TCh-TUR 2014"]
[Site "Konya TUR"]
[Date "2014.06.24"]
[Round "2.1"]
[White "Bulduk, Ibrahim Ege"]
[Black "Komut, Kaan"]
[Result "1/2-1/2"]
[WhiteElo "1833"]
[BlackElo "1945"]
[WhiteTeam "Burdur 90.Yil Spor Kulubu"]
[BlackTeam "Denizli Pamukkale Universitesi"]
[WhiteFideId "6310621"]
[BlackFideId "6309992"]
[EventDate "2014.06.23"]

1. e4 e5 2. Nf3 Nc6 3. Bc4 Nf6 4. d3 Be7 5. Bg5 O-O 6. O-O d6 7. h3 Na5 8. Nbd2
c6 9. Re1 Nxc4 10. Nxc4 Be6 11. Ne3 Qc7 12. c3 Rad8 13. Qc2 h6 14. Bh4 g5 15.
Bg3 Nh5 16. Bh2 Nf4 17. Bxf4 gxf4 18. Nf5 Kh7 19. d4 Rg8 20. Kh2 Bf6 21. Rad1
Rg6 22. b3 Rdg8 23. Rg1 Bxf5 24. exf5 R6g7 25. dxe5 dxe5 26. Rde1 Kh8 27. Re2
Re8 28. c4 Qc8 29. Rge1 Reg8 30. Rg1 Re8 31. Rge1 Reg8 32. Rg1 1/2-1/2

[Event "TCh-TUR 2014"]
[Site "Konya TUR"]
[Date "2014.06.24"]
[Round "2.1"]
[White "Dogan, Mire Deniz"]
[Black "Saba, Zafer Rabin"]
[Result "0-1"]
[WhiteElo "1825"]
[BlackElo "1895"]
[WhiteTeam "Denizli Pamukkale Universitesi"]
[BlackTeam "Burdur 90.Yil Spor Kulubu"]
[WhiteFideId "6317456"]
[BlackFideId "6329500"]
[EventDate "2014.06.23"]

1. d4 Nf6 2. c4 g6 3. Nc3 d5 4. cxd5 Nxd5 5. e4 Nxc3 6. bxc3 Bg7 7. Nf3 c5 8.
Rb1 O-O 9. Be2 b6 10. Bb2 cxd4 11. cxd4 Ba6 12. O-O Bxe2 13. Qxe2 e6 14. Rfd1
Qe7 15. Rbc1 Rd8 16. Qe3 Na6 17. Ba3 Qb7 18. Qf4 Rac8 19. Qh4 Nc7 20. Be7 Re8
21. Bg5 Nb5 22. Rxc8 Rxc8 23. Bh6 Nc3 24. Re1 Bxh6 25. Qxh6 Nxe4 26. Ne5 Qd5 27.
Qf4 f5 28. Nf3 Qxa2 29. Qh4 Qa3 30. h3 Qd6 31. Rd1 Rc2 32. Ra1 a5 33. Rd1 a4 34.
Qh6 Rxf2 35. Nd2 Qg3 0-1

[Event "TCh-TUR 2014"]
[Site "Konya TUR"]
[Date "2014.06.24"]
[Round "2.1"]
[White "Kahya, Gizem"]
[Black "Ayan, Bengu Sena"]
[Result "0-1"]
[WhiteElo "1684"]
[BlackElo "1549"]
[WhiteTeam "Burdur 90.Yil Spor Kulubu"]
[BlackTeam "Denizli Pamukkale Universitesi"]
[WhiteFideId "6336124"]
[BlackFideId "6346120"]
[EventDate "2014.06.23"]

1. e4 e6 2. d4 d5 3. Nc3 dxe4 4. Nxe4 Nd7 5. Nf3 Ngf6 6. Bg5 h6 7. Bxf6 Nxf6 8.
Bd3 Nxe4 9. Bxe4 c5 10. c3 cxd4 11. Nxd4 Bc5 12. Nb3 Qxd1+ 13. Rxd1 Bb6 14. O-O
Rb8 15. Nd2 Ke7 16. Nf3 Bc7 17. c4 Bd7 18. Nd4 Rhd8 19. g3 g6 20. f4 Bb6 21. Kg2
Bxd4 22. Rxd4 Bc6 23. Bxc6 Rxd4 24. Ba4 Rxc4 25. Bb3 Rc5 26. g4 Rd8 27. Rf2 b5
28. Bc2 Rcd5 29. Be4 Rd2 30. Bc6 Rxf2+ 31. Kxf2 Rd2+ 32. Kg3 Rxb2 33. h3 a5 34.
a3 b4 35. axb4 axb4 36. Ba4 b3 37. Bc6 Ra2 38. Be4 b2 39. f5 gxf5 40. gxf5 Ra1
41. fxe6 fxe6 0-1

[Event "TCh-TUR 2014"]
[Site "Konya TUR"]
[Date "2014.06.24"]
[Round "2.2"]
[White "Arnaudov, G. Petar"]
[Black "Volkov, Sergey"]
[Result "0-1"]
[WhiteTitle "GM"]
[BlackTitle "GM"]
[WhiteElo "2457"]
[BlackElo "2579"]
[WhiteTeam "Karaman Belediye Spor Kulubu"]
[BlackTeam "Kocaeli Buyuksehir Belediyesi Kagit Spor"]
[WhiteFideId "2907127"]
[BlackFideId "4122763"]
[EventDate "2014.06.23"]

1. d4 d5 2. c4 c6 3. cxd5 cxd5 4. Nc3 Nc6 5. Nf3 Nf6 6. Bf4 Nh5 7. Bd2 e6 8. e3
g6 9. Ne5 Bd6 10. g4 Ng7 11. Nf3 h5 12. gxh5 Rxh5 13. Be2 Nf5 14. Qc2 Bd7 15.
O-O-O Rc8 16. Kb1 a6 17. Rc1 b5 18. Qd1 Be7 19. e4 Nh4 20. Ne5 Rxe5 21. dxe5 d4
22. Nxb5 axb5 23. Bxb5 Qb6 24. Qb3 Nf3 25. Bf4 g5 26. Bxc6 Qxb3 27. Bxd7+ Kxd7
28. axb3 gxf4 29. Rxc8 Kxc8 30. Kc2 Bh4 31. Kd3 Kb7 32. Rd1 Nxe5+ 33. Kxd4 f6
34. Rf1 Ng4 35. Kd3 e5 36. f3 Nxh2 37. Rh1 Nxf3 38. Rh3 Bg3 39. Rh6 Bh4 40. b4
Bg5 41. Rh8 Nd4 42. Kc4 f3 43. Kc5 Nb3+ 0-1

[Event "TCh-TUR 2014"]
[Site "Konya TUR"]
[Date "2014.06.24"]
[Round "2.2"]
[White "Yeke, Serkan"]
[Black "Karayel, Atagun"]
[Result "1-0"]
[WhiteTitle "FM"]
[WhiteElo "2235"]
[BlackElo "1940"]
[WhiteTeam "Kocaeli Buyuksehir Belediyesi Kagit Spor"]
[BlackTeam "Karaman Belediye Spor Kulubu"]
[WhiteFideId "6301142"]
[BlackFideId "6305318"]
[EventDate "2014.06.23"]

1. d4 d5 2. c4 e6 3. Nc3 Nf6 4. cxd5 exd5 5. Bg5 Be7 6. e3 c6 7. Qc2 Nbd7 8. Bd3
Nh5 9. Bxe7 Qxe7 10. Nge2 g6 11. O-O-O Nb6 12. h3 Ng7 13. g4 Be6 14. Kb1 O-O-O
15. Nf4 Kb8 16. f3 g5 17. Nxe6 fxe6 18. h4 gxh4 19. Qh2+ Kc8 20. Qxh4 Qf7 21.
Qh6 Nd7 22. f4 Nf6 23. Rh4 Ng8 24. Qg5 h6 25. Qe5 Ne7 26. Rdh1 Ng6 27. Bxg6
Qxg6+ 28. e4 dxe4 29. Nb5 e3+ 30. f5 Qf7 31. Qd6 b6 32. Rc1 Kb7 33. Qxc6+ Kb8
34. Nc7 1-0

[Event "TCh-TUR 2014"]
[Site "Konya TUR"]
[Date "2014.06.24"]
[Round "2.2"]
[White "Olcum, Ahmet"]
[Black "Ari, Zeki"]
[Result "1/2-1/2"]
[BlackTitle "FM"]
[WhiteElo "1936"]
[BlackElo "2205"]
[WhiteTeam "Karaman Belediye Spor Kulubu"]
[BlackTeam "Kocaeli Buyuksehir Belediyesi Kagit Spor"]
[WhiteFideId "6311393"]
[BlackFideId "6300421"]
[EventDate "2014.06.23"]

1. b4 Nf6 2. Bb2 e6 3. b5 c6 4. a4 d5 5. e3 Bd6 6. Nf3 Nbd7 7. d4 Ne4 8. Bd3 f5
9. O-O Qf6 10. c4 O-O 11. Ba3 Bxa3 12. Nxa3 g5 13. bxc6 bxc6 14. cxd5 cxd5 15.
Rc1 g4 16. Nd2 Qe7 17. Nb5 a6 18. Nc3 Ndf6 19. Ne2 Bd7 20. Bxe4 fxe4 21. Rc5
Rfc8 22. Qc2 e5 23. Kh1 exd4 24. exd4 Qd6 25. a5 Rf8 1/2-1/2

[Event "TCh-TUR 2014"]
[Site "Konya TUR"]
[Date "2014.06.24"]
[Round "2.2"]
[White "Ersahin, Bulent"]
[Black "Bal, Enes Emre"]
[Result "1/2-1/2"]
[WhiteElo "2196"]
[BlackElo "1821"]
[WhiteTeam "Kocaeli Buyuksehir Belediyesi Kagit Spor"]
[BlackTeam "Karaman Belediye Spor Kulubu"]
[WhiteFideId "6302670"]
[BlackFideId "6325866"]
[EventDate "2014.06.23"]

1. d4 Nf6 2. Nf3 g6 3. c4 Bg7 4. Nc3 d6 5. g3 O-O 6. Bg2 c6 7. O-O Qa5 8. e4 Bg4
9. h3 Bxf3 10. Bxf3 Nfd7 11. Be3 Na6 12. a3 Qd8 13. Rc1 e5 14. b4 exd4 15. Bxd4
Ne5 16. Be2 c5 17. Be3 cxb4 18. axb4 Nxb4 19. Nb5 Nec6 20. Nxd6 Na2 21. Nxb7 Qc7
22. Rc2 Nab4 23. Nc5 Nxc2 24. Qxc2 Nd4 25. Na6 Qa5 26. Bxd4 Bxd4 27. c5 Rac8 28.
Rc1 Qa3 29. Kg2 Rc6 30. Rd1 Bxc5 31. Bb5 Rd6 32. Rb1 Bb6 33. Nb4 Rfd8 34. Nd5
Qc5 35. Bc4 Qd4 36. Rd1 Qe5 37. f4 Qg7 38. e5 Rxd5 39. Bxd5 Qf8 40. Qb3 Qc5 41.
h4 Qf2+ 42. Kh3 Kg7 43. Qf3 Qxf3 44. Bxf3 Rxd1 45. Bxd1 1/2-1/2

[Event "TCh-TUR 2014"]
[Site "Konya TUR"]
[Date "2014.06.24"]
[Round "2.2"]
[White "Yordanova, Svetla"]
[Black "Nikolova, Adriana"]
[Result "0-1"]
[WhiteTitle "WIM"]
[BlackTitle "WGM"]
[WhiteElo "2101"]
[BlackElo "2303"]
[WhiteTeam "Karaman Belediye Spor Kulubu"]
[BlackTeam "Kocaeli Buyuksehir Belediyesi Kagit Spor"]
[WhiteFideId "2905108"]
[BlackFideId "2908689"]
[EventDate "2014.06.23"]

1. d4 d5 2. c4 c6 3. Nf3 Nf6 4. Qc2 dxc4 5. Qxc4 Bf5 6. Nc3 e6 7. g3 Nbd7 8. Bg2
Be7 9. O-O O-O 10. Re1 Ne4 11. Bf4 Qa5 12. Qb3 Qb6 13. Qxb6 axb6 14. Ne5 Nxe5
15. Bxe4 Bxe4 16. Nxe4 Nc4 17. b3 Na3 18. Rec1 Rfd8 19. e3 Rd7 20. g4 f6 21. Bg3
g5 22. Nc3 Kf7 23. Na4 Ra6 24. Kg2 f5 25. gxf5 exf5 26. Be5 Nb5 27. Rc2 Nd6 28.
f3 Ke6 29. Re1 Nf7 30. Bg3 b5 31. Nc3 Bb4 32. Ree2 Bxc3 33. Rxc3 Rd8 34. Rcc2
Raa8 35. Rcd2 h5 36. e4 f4 37. d5+ cxd5 38. exd5+ Kf5 39. Bf2 Ne5 40. h3 Nxf3
41. Rd1 Ne5 42. Rc2 Rac8 43. Rcd2 Rd6 44. Kf1 g4 45. hxg4+ hxg4 46. Bg1 g3 47.
Kg2 Kg4 48. Kf1 f3 49. Rd4+ Kf5 50. Be3 Ng6 51. Rb4 Rh8 52. Kg1 Rh2 53. Rxb5 f2+
54. Bxf2 Rxf2 55. Rxb7 Nf4 56. Rh7 Ne2+ 0-1

[Event "TCh-TUR 2014"]
[Site "Konya TUR"]
[Date "2014.06.24"]
[Round "2.2"]
[White "Gundogan, Cem"]
[Black "Ererdem, Gani Eren"]
[Result "1-0"]
[WhiteElo "2054"]
[BlackElo "1905"]
[WhiteTeam "Kocaeli Buyuksehir Belediyesi Kagit Spor"]
[BlackTeam "Karaman Belediye Spor Kulubu"]
[WhiteFideId "6311032"]
[BlackFideId "6310915"]
[EventDate "2014.06.23"]

1. Nf3 Nf6 2. c4 e6 3. g3 d5 4. Bg2 Be7 5. O-O O-O 6. b3 c5 7. Bb2 Nc6 8. e3 d4
9. exd4 cxd4 10. d3 Bc5 11. Re1 Qd6 12. a3 a5 13. h3 e5 14. Nbd2 h6 15. g4 g6
16. Nf1 Bxg4 17. hxg4 Nxg4 18. N3h2 Nxh2 19. Nxh2 f5 20. Bc1 Kg7 21. Qf3 e4 22.
Qf4 Qxf4 23. Bxf4 g5 24. Bc1 Ne5 25. Bf1 Nf3+ 26. Nxf3 exf3 27. Re5 b6 28. Bb2
Kf6 29. Rae1 Rad8 30. Bc1 Kg6 31. Re6+ Rf6 32. Bb2 g4 33. R6e5 h5 34. Rd5 Rfd6
35. Ree5 Rxd5 36. Rxd5 Rxd5 37. cxd5 Kf6 38. b4 axb4 39. axb4 Ke5 40. bxc5 bxc5
41. Kh2 h4 42. Bc1 Kxd5 43. Bg5 Ke5 44. Bxh4 f4 45. Be7 Kd5 46. Bf8 1-0

[Event "TCh-TUR 2014"]
[Site "Konya TUR"]
[Date "2014.06.24"]
[Round "2.2"]
[White "Ergene, Mertcan"]
[Black "Kilic, Efe Mert"]
[Result "0-1"]
[WhiteElo "1647"]
[BlackElo "1859"]
[WhiteTeam "Karaman Belediye Spor Kulubu"]
[BlackTeam "Kocaeli Buyuksehir Belediyesi Kagit Spor"]
[WhiteFideId "6342345"]
[BlackFideId "6354327"]
[EventDate "2014.06.23"]

1. d4 Nf6 2. Nf3 e6 3. Bg5 c5 4. e3 Qb6 5. Qc1 Ne4 6. Bf4 Nc6 7. c3 d5 8. Nbd2
f5 9. Nxe4 fxe4 10. Nd2 Be7 11. Be2 O-O 12. Bg3 cxd4 13. cxd4 Bd7 14. a3 Rac8
15. Qb1 Nxd4 16. exd4 Qxd4 17. Nb3 Qb6 18. Nc1 Bf6 19. O-O Bxb2 20. Ra2 Bd4 21.
Qxb6 Bxb6 22. Rb2 d4 23. Rd1 Ba4 24. Re1 Rc6 25. Bb5 Bxb5 26. Rxb5 d3 27. Nb3
Rc2 28. Rxb6 axb6 29. Nd4 Ra2 30. f3 e3 31. Kf1 Rd8 32. Be5 Rxd4 33. Bxd4 e2+
34. Kf2 d2 35. Kxe2 dxe1=Q+ 36. Kxe1 Rxg2 37. Be5 Kf7 0-1

[Event "TCh-TUR 2014"]
[Site "Konya TUR"]
[Date "2014.06.24"]
[Round "2.2"]
[White "Gundogan, Sinem Cagla"]
[Black "Aluc, Bulut Evrim"]
[Result "1-0"]
[WhiteElo "1770"]
[BlackElo "1361"]
[WhiteTeam "Kocaeli Buyuksehir Belediyesi Kagit Spor"]
[BlackTeam "Karaman Belediye Spor Kulubu"]
[WhiteFideId "6325378"]
[BlackFideId "6364748"]
[EventDate "2014.06.23"]

1. e4 c6 2. d4 d5 3. Nc3 dxe4 4. Nxe4 Bf5 5. Ng3 Bg6 6. N1e2 h6 7. Nf4 Bh7 8.
Bc4 Nf6 9. c3 e6 10. Qe2 Be7 11. O-O Nbd7 12. Bxe6 Nf8 13. Bb3 Nd5 14. Nxd5 cxd5
15. Qf3 Qd7 16. Bxd5 O-O-O 17. Bxf7 Bf6 18. Bb3 Ne6 19. Re1 Rhe8 20. Be3 Ng5 21.
Qe2 Re7 22. Nh5 Rde8 23. Nf4 Be4 24. d5 Be5 25. Qc4+ Kb8 26. Ne6 Rc8 27. Qa4
Qxa4 28. Bxa4 Nxe6 29. dxe6 Bd5 30. Bxa7+ Kxa7 31. Rxe5 Rd8 32. Rd1 Rd6 33.
Rdxd5 Rxd5 34. Rxd5 Rxe6 35. h3 Kb6 36. g4 g5 37. Kg2 Rf6 38. Bc2 Kc6 39. Rf5
Rd6 40. Be4+ Kb6 41. Rf7 1-0

[Event "TCh-TUR 2014"]
[Site "Konya TUR"]
[Date "2014.06.24"]
[Round "2.3"]
[White "Abasov, Nijat"]
[Black "Zarkua, Davit"]
[Result "1-0"]
[WhiteTitle "GM"]
[BlackTitle "IM"]
[WhiteElo "2531"]
[BlackElo "2409"]
[WhiteTeam "Callica Genclik Ve Spor Kulubu"]
[BlackTeam "Karsiyaka Satranc Spor Kulubu"]
[WhiteFideId "13402960"]
[BlackFideId "13602292"]
[EventDate "2014.06.23"]

1. Nf3 g6 2. d4 Bg7 3. c4 d6 4. Nc3 Bg4 5. e3 Nd7 6. Be2 c5 7. h3 Bxf3 8. Bxf3
Rb8 9. O-O a6 10. a4 Ngf6 11. b3 O-O 12. Bb2 e6 13. Qc2 Qc7 14. Rfd1 cxd4 15.
Rxd4 Ne5 16. Be2 d5 17. cxd5 Nxd5 18. Rc1 Nxc3 19. Bxc3 Rbc8 20. Qb2 Rfd8 21.
Rxd8+ Qxd8 22. Rd1 Qc7 23. Bd4 Qc2 24. Qxc2 Rxc2 25. Bf1 Nc6 26. Bxg7 Kxg7 27.
Rd7 b6 28. Bxa6 Na5 29. Rd6 Nxb3 30. Rxb6 Nd2 31. f3 h5 32. Bb5 Ra2 33. Rb7 Kf8
34. h4 Nb1 35. Bc6 Nc3 36. Rb4 Nd1 37. Rb3 Nb2 38. Rb8+ Kg7 39. Be8 Nc4 40. e4
Ne3 41. Rb7 Nxg2 42. Rxf7+ Kh6 43. Bd7 Nxh4 44. Bxe6 Rxa4 45. Kf2 Ra6 46. Bd5 g5
47. e5 Ng6 48. e6 Rd6 49. Rd7 Rb6 50. e7 Rb2+ 51. Ke3 Rb8 52. Be4 Nxe7 53. Rxe7
g4 54. f4 Rh8 55. Bf5 1-0

[Event "TCh-TUR 2014"]
[Site "Konya TUR"]
[Date "2014.06.24"]
[Round "2.3"]
[White "Aghasiyev, Kamal"]
[Black "Abdulov, Orkhan"]
[Result "1-0"]
[WhiteTitle "IM"]
[BlackTitle "IM"]
[WhiteElo "2401"]
[BlackElo "2348"]
[WhiteTeam "Karsiyaka Satranc Spor Kulubu"]
[BlackTeam "Callica Genclik Ve Spor Kulubu"]
[WhiteFideId "13402854"]
[BlackFideId "13402714"]
[EventDate "2014.06.23"]

1. d4 Nf6 2. Nf3 e6 3. c4 d5 4. Nc3 Be7 5. Bf4 O-O 6. e3 b6 7. Bd3 dxc4 8. Bxc4
Bb7 9. O-O Nh5 10. Be5 Nd7 11. Qe2 c5 12. Rfd1 Nxe5 13. dxe5 Qc7 14. Nb5 Qc8 15.
Nd6 Bxd6 16. Rxd6 g6 17. Rad1 Ng7 18. e4 h6 19. Qe3 Kh7 20. Qf4 Bc6 21. Qh4 Nh5
22. g4 Nf4 23. Qf6 g5 24. h4 Bxe4 25. hxg5 Nd5 26. Qxh6+ Kg8 27. g6 Bxg6 28.
Bxd5 exd5 29. Rxg6+ fxg6 30. Qxg6+ Kh8 31. Kg2 Rxf3 32. Rh1+ 1-0

[Event "TCh-TUR 2014"]
[Site "Konya TUR"]
[Date "2014.06.24"]
[Round "2.3"]
[White "Metin, Mehmet"]
[Black "Capan, Ozan"]
[Result "1/2-1/2"]
[WhiteElo "2183"]
[BlackElo "1927"]
[WhiteTeam "Callica Genclik Ve Spor Kulubu"]
[BlackTeam "Karsiyaka Satranc Spor Kulubu"]
[WhiteFideId "6303730"]
[BlackFideId "6308708"]
[EventDate "2014.06.23"]

1. d4 Nf6 2. Nf3 d5 3. c4 e6 4. Nc3 Nbd7 5. Bg5 c6 6. e3 Qa5 7. Nd2 Bb4 8. Qc2
O-O 9. Nb3 Qa4 10. cxd5 exd5 11. Bd3 Re8 12. O-O Bxc3 13. Qxc3 Ne4 14. Bxe4 dxe4
15. Rfd1 Nb6 16. Rac1 Nd5 17. Qa5 Qxa5 18. Nxa5 f6 19. Bh4 Re7 20. a3 Nb6 21.
Nb3 Be6 22. Nc5 Bd5 23. Bg3 Rd8 24. Rd2 a5 25. b3 g5 26. h4 h6 27. Rb1 Kg7 28.
Rc2 Kg6 29. Rc3 Ra8 30. Kf1 a4 31. Bd6 Rh7 32. bxa4 Nxa4 33. Nxa4 Rxa4 34. hxg5
hxg5 35. Ke2 b5 36. f3 Ra8 37. Kf2 Rd8 38. Bg3 Rdh8 39. Rbc1 Rh1 40. R3c2 Rxc1
41. Rxc1 Ra8 42. Bd6 Rd8 43. Bc7 Ra8 44. Bd6 Rd8 45. Bc7 Ra8 46. Bd6 Rd8 1/2-1/2

[Event "TCh-TUR 2014"]
[Site "Konya TUR"]
[Date "2014.06.24"]
[Round "2.3"]
[White "Simsek, Meltem"]
[Black "Nurlu, Selin"]
[Result "1-0"]
[WhiteElo "1731"]
[BlackElo "1575"]
[WhiteTeam "Callica Genclik Ve Spor Kulubu"]
[BlackTeam "Karsiyaka Satranc Spor Kulubu"]
[WhiteFideId "6306594"]
[BlackFideId "6308236"]
[EventDate "2014.06.23"]

1. d4 d5 2. c4 e6 3. Nc3 Nf6 4. Bg5 Be7 5. e3 O-O 6. Nf3 c6 7. Rc1 Nbd7 8. Bd3
dxc4 9. Bxc4 Nd5 10. Bxe7 Qxe7 11. O-O Re8 12. Bb3 Rb8 13. e4 Nxc3 14. Rxc3 Nf6
15. Bc2 Rd8 16. Qd3 Nh5 17. e5 g6 18. Qe3 f6 19. g4 Ng7 20. exf6 Qxf6 21. Qh6
Rd5 22. Bb3 Rxd4 23. Nxd4 Qxd4 24. Rd1 Qxg4+ 25. Rg3 Qe4 26. Rd8+ Kf7 27. Qxh7
Qe1+ 28. Kg2 Qe4+ 29. Rf3+ Ke7 30. Rf8 Qg4+ 31. Kf1 Qg5 32. Qxg7+ Kd6 33. Qd4+
Kc7 34. R3f7+ 1-0

[Event "TCh-TUR 2014"]
[Site "Konya TUR"]
[Date "2014.06.24"]
[Round "2.3"]
[White "Kesgin, Halit Kaan"]
[Black "Zor, Alber Kadir"]
[Result "0-1"]
[WhiteElo "1823"]
[BlackElo "1963"]
[WhiteTeam "Karsiyaka Satranc Spor Kulubu"]
[BlackTeam "Callica Genclik Ve Spor Kulubu"]
[WhiteFideId "6349137"]
[BlackFideId "6353169"]
[EventDate "2014.06.23"]

1. e4 g6 2. d4 Bg7 3. Nc3 c5 4. Nf3 cxd4 5. Nxd4 Nc6 6. Be3 Nf6 7. Be2 O-O 8.
Qd2 d5 9. Nxc6 bxc6 10. O-O-O Bb7 11. e5 Nd7 12. f4 e6 13. Na4 f6 14. Nc5 Nxc5
15. Bxc5 Rf7 16. Bg4 Bc8 17. Rde1 Bd7 18. g3 fxe5 19. fxe5 Bf8 20. Be3 Qc7 21.
Bh6 Bxh6 22. Qxh6 Qa5 23. a3 Rb8 24. Qe3 c5 25. Ref1 Rxf1+ 26. Rxf1 Qb5 27. Qf4
Qxb2+ 28. Kd2 Qd4+ 29. Qxd4 cxd4 30. Rf6 Rb6 31. Kd3 Rc6 32. Kxd4 Kg7 33. Bh3 g5
34. Rf2 Rc4+ 35. Kd3 Re4 36. Bg2 Rxe5 37. Kd4 Re1 38. Kc5 Be8 39. Kd6 Bg6 40.
Bh3 e5 41. Bf5 e4 42. Bxg6 e3 43. Rg2 Kxg6 44. Ke5 Rd1 45. Re2 d4 46. Ke4 g4 47.
a4 a5 48. c3 Rd2 49. Re1 dxc3 50. Rxe3 c2 51. Rc3 Rxh2 52. Rc6+ Kf7 53. Kf5 h5
54. Rc7+ Ke8 55. Kf4 Kd8 56. Rc3 Kd7 57. Ke4 Kd6 58. Rc8 Re2+ 59. Kd3 Rg2 60.
Kd4 Rxg3 61. Rxc2 h4 62. Ke4 h3 63. Kf4 Rg2 64. Rc8 h2 65. Rh8 g3 0-1

[Event "TCh-TUR 2014"]
[Site "Konya TUR"]
[Date "2014.06.24"]
[Round "2.3"]
[White "Caglar, Ahmet Ata"]
[Black "Tuna, Alp"]
[Result "1/2-1/2"]
[WhiteElo "1841"]
[BlackElo "1777"]
[WhiteTeam "Callica Genclik Ve Spor Kulubu"]
[BlackTeam "Karsiyaka Satranc Spor Kulubu"]
[WhiteFideId "6328636"]
[BlackFideId "6372910"]
[EventDate "2014.06.23"]

1. e4 c5 2. Nf3 d6 3. d4 cxd4 4. Nxd4 Nf6 5. Nc3 a6 6. g3 e6 7. Bg2 Be7 8. O-O
O-O 9. Be3 Qc7 10. f4 Nc6 11. h3 Bd7 12. Nb3 Rac8 13. Na4 b5 14. Nb6 Rb8 15.
Nxd7 Nxd7 16. a4 Nc5 17. axb5 axb5 18. Nxc5 dxc5 19. c3 Na5 20. b3 Rfd8 21. Qc2
b4 22. cxb4 Rxb4 23. Bd2 Rb5 24. Bxa5 Rxa5 25. Rad1 Raa8 26. e5 Rxd1 27. Rxd1
Rd8 28. Be4 Rxd1+ 29. Qxd1 Qd8 30. Qxd8+ Bxd8 31. Kf2 Ba5 32. Ke2 h5 33. Bf3 g6
34. g4 hxg4 35. hxg4 Kf8 36. Kd3 Ke7 37. Kc4 Bb4 38. Kb5 Ba3 39. Kc6 Bb4 40. Be4
Ba3 41. Bd3 Bb4 1/2-1/2

[Event "TCh-TUR 2014"]
[Site "Konya TUR"]
[Date "2014.06.24"]
[Round "2.3"]
[White "Celik, Akarsu Bengi"]
[Black "Incecik, Seyma Zeynep"]
[Result "0-1"]
[WhiteElo "1418"]
[BlackElo "1477"]
[WhiteTeam "Karsiyaka Satranc Spor Kulubu"]
[BlackTeam "Callica Genclik Ve Spor Kulubu"]
[WhiteFideId "6348955"]
[BlackFideId "6374948"]
[EventDate "2014.06.23"]

1. d4 d5 2. c4 e6 3. Nc3 Nf6 4. cxd5 exd5 5. Bg5 Nbd7 6. e3 c6 7. Bd3 Bb4 8. Qc2
Qa5 9. Ne2 O-O 10. O-O Bd6 11. Rac1 c5 12. b3 h6 13. Bf4 Bxf4 14. Nxf4 cxd4 15.
exd4 Nb8 16. b4 Qd8 17. a3 Nc6 18. Nfe2 Be6 19. Rfd1 Rc8 20. Qb1 Re8 21. Rd2 Kh8
22. Kh1 Ng4 23. Nd1 Qh4 24. h3 Nxf2+ 25. Nxf2 Qxf2 26. Rf1 Qh4 27. Rf4 Qg5 28.
h4 Qe7 29. Qg1 a5 30. b5 Na7 31. a4 Qb4 32. Ra2 Qb3 33. Bb1 Rc4 34. Rf3 Qb4 35.
Bd3 Rcc8 36. g4 Qe7 37. g5 h5 38. Rf4 Bg4 39. Qf1 Qe3 40. Bf5 Bxe2 41. Rxe2 Qxe2
42. Qxe2 Rxe2 43. Bxc8 Nxc8 44. Rxf7 Nd6 45. Rd7 Re6 46. Rd8+ Kh7 47. Ra8 b6 48.
Rb8 Nc4 49. Rd8 Rd6 50. Rc8 Kg6 51. Kg2 Kf5 52. Kf3 Ke6 53. Kf4 g6 54. Rg8 Kf7
55. Rc8 Re6 56. Rc7+ Re7 57. Rc6 Re4+ 58. Kg3 Rxd4 59. Rf6+ Kg7 60. Rc6 Rg4+ 61.
Kh3 Rf4 62. Kg3 Rf7 63. Rc8 Rd7 64. Kf4 Kf7 65. Rc6 Rd6 66. Rc7+ Ke6 67. Rg7 Ne5
68. Rg8 Kf7 69. Rc8 Nd7 70. Rc6 Ke7 71. Rc8 d4 72. Rc1 d3 73. Re1+ Kf7 74. Ke3
Re6+ 75. Kd2 Rxe1 76. Kxe1 Nc5 77. Kd2 Ke6 78. Ke3 Ke5 79. Kd2 Ke4 80. Kd1 Kf4
81. Kd2 Kg4 0-1

[Event "TCh-TUR 2014"]
[Site "Konya TUR"]
[Date "2014.06.24"]
[Round "2.4"]
[White "Kuljasevic, Davorin"]
[Black "Genov, Petar"]
[Result "1/2-1/2"]
[WhiteTitle "GM"]
[BlackTitle "GM"]
[WhiteElo "2564"]
[BlackElo "2460"]
[WhiteTeam "Alapli Aktif Genclik Spor Kulubu"]
[BlackTeam "Gokce Ada Spor Kulubu"]
[WhiteFideId "14506661"]
[BlackFideId "2900211"]
[EventDate "2014.06.23"]

1. d4 d5 2. c4 c6 3. Nf3 Nf6 4. e3 a6 5. Bd3 g6 6. Nbd2 Bg7 7. b3 O-O 8. Bb2
Nbd7 9. O-O b6 10. Qe2 Bb7 11. Rfd1 Re8 12. Rac1 Qb8 13. e4 dxe4 14. Nxe4 e5 15.
dxe5 Nxe4 16. Bxe4 Nxe5 17. Qd2 c5 18. Bxb7 Qxb7 19. Nxe5 Bxe5 20. Bxe5 Rxe5 21.
Re1 Rae8 22. Kf1 Rxe1+ 23. Rxe1 Rxe1+ 24. Qxe1 Qd7 1/2-1/2

[Event "TCh-TUR 2014"]
[Site "Konya TUR"]
[Date "2014.06.24"]
[Round "2.4"]
[White "Alaybeyoglu, Hasan"]
[Black "Swayams, Mishra"]
[Result "0-1"]
[BlackTitle "IM"]
[WhiteElo "2105"]
[BlackElo "2457"]
[WhiteTeam "Gokce Ada Spor Kulubu"]
[BlackTeam "Alapli Aktif Genclik Spor Kulubu"]
[WhiteFideId "6300723"]
[BlackFideId "5028183"]
[EventDate "2014.06.23"]

1. d4 e6 2. c4 b6 3. Nf3 Bb7 4. e3 f5 5. Bd3 Nf6 6. O-O Be7 7. Nbd2 O-O 8. Qc2
c5 9. b3 Nc6 10. a3 Rc8 11. dxc5 bxc5 12. Bb2 Qe8 13. e4 fxe4 14. Nxe4 Nxe4 15.
Bxe4 Qh5 16. Rad1 Rcd8 17. Ne5 d5 18. Bf3 Qg5 19. Nxc6 Bxc6 20. Qe2 Rd6 21. Be5
dxc4 22. Bxc6 Rxc6 23. f4 Qf5 24. Qxc4 Bf6 25. Rd6 Rxd6 26. Bxd6 Bd4+ 27. Kh1
Rd8 28. Bc7 Rc8 29. Bd6 Rd8 30. Bc7 Rc8 31. Bd6 Qd5 32. Re1 Rd8 0-1

[Event "TCh-TUR 2014"]
[Site "Konya TUR"]
[Date "2014.06.24"]
[Round "2.4"]
[White "Zuhre, Kayra"]
[Black "Demiralp, Murat"]
[Result "1/2-1/2"]
[WhiteElo "2034"]
[BlackElo "2061"]
[WhiteTeam "Alapli Aktif Genclik Spor Kulubu"]
[BlackTeam "Gokce Ada Spor Kulubu"]
[WhiteFideId "6305601"]
[BlackFideId "6301894"]
[EventDate "2014.06.23"]

1. e4 e6 2. d3 d5 3. Nd2 b6 4. g3 Be7 5. Bg2 dxe4 6. Nxe4 c6 7. Nf3 Nf6 8. Ne5
Bb7 9. Qe2 h6 10. Be3 Qc7 11. Bf4 Qc8 12. O-O-O Nbd7 13. Nc4 Nxe4 14. dxe4 Ba6
15. Bd6 Qb7 16. e5 Rc8 17. Qg4 Bxc4 18. Qxc4 Bxd6 19. Rxd6 O-O 20. f4 Nb8 21.
Rhd1 Qe7 22. Qd3 Rfe8 23. Be4 Rc7 24. Qf3 c5 25. h4 Rcc8 26. g4 Qxh4 27. Rh1 Qe7
28. g5 Rcd8 29. Qg3 g6 30. Rxh6 Kg7 31. Qh3 Rh8 32. Rxh8 Rxh8 33. Qd3 Qe8 34. b3
Qe7 35. Kb2 Rc8 36. Qe2 Rh8 37. Qf3 Re8 38. Rd1 Rd8 39. Rh1 Rh8 40. Rh3 Rxh3 41.
Qxh3 Qd7 42. Qh6+ Kg8 43. Bxg6 fxg6 44. Qxg6+ Kf8 45. Qf6+ Kg8 46. Qg6+ Kf8 1/2-1/2